000 00370nam a22001577a 4500
999 _c11030
_d11030
003 OSt
008 211110b ||||| |||| 00| 0 eng d
020 _a9789352607990
082 _a005.133 BAO
100 _aBALAGURUSAMY,E
245 _aObject Oriented Programming With C++
260 _aNew Delhi
_bTMH
_c2019
300 _a558
650 _aBCA
942 _2ddc
_cBK
_07